banner koha

Efectos de la criopreservacion sobre la cromatina de espermatozoides equinos (Registro n. 163681)

MARC details
000 -LÍDER
campo de controle de tamanho fixo 00903nas a2200313 4500
001 - NÚMERO DE CONTROLE
campo de controle BR0000834
003 - IDENTIFICADOR DO NÚMERO DE CONTROLE
campo de controle BR-BrBNA
005 - DATA E HORÁRIO DA ÚLTIMA TRANSAÇÃO
campo de controle 20231205101743.0
007 - CAMPO FIXO DE DESCRIÇÃO FÍSICA--INFORMAÇÃO GERAL
campo de controle de tamanho fixo ta
008 - CAMPO DE DADOS FIXOS--INFORMAÇÃO GERAL
campo de controle de tamanho fixo 230509b bl.|||p| |||| 00| 00por d
040 ## - FONTE DA CATALOGAÇÃO
Instituição da catalogação original BR-BrBNA
Idioma da catalogação por
Instituição que transcreveu o registro Biblioteca Nacional de Agricultura
041 ## - CÓDIGO DE IDIOMA
Código do idioma do texto/trilha sonora ou título diferente (Es)
072 ## - CÓDIGO DE CATEGORIA DE ASSUNTO
Código de Categoria de Assunto L40
100 1# - ENTRADA PRINCIPAL--NOME PESSOAL
Nome pessoal Boquet, M.
100 1# - ENTRADA PRINCIPAL--NOME PESSOAL
Nome pessoal Spirito, S.
100 1# - ENTRADA PRINCIPAL--NOME PESSOAL
Nome pessoal Giuliano, S.
100 1# - ENTRADA PRINCIPAL--NOME PESSOAL
Nome pessoal Neild, D.
100 1# - ENTRADA PRINCIPAL--NOME PESSOAL
Nome pessoal Chaves, G.
100 1# - ENTRADA PRINCIPAL--NOME PESSOAL
Nome pessoal Aguero, A.
100 1# - ENTRADA PRINCIPAL--NOME PESSOAL
Nome pessoal Paz, D.
100 1# - ENTRADA PRINCIPAL--NOME PESSOAL
Nome pessoal Ferrari, M.
245 1# - TÍTULO
Título Efectos de la criopreservacion sobre la cromatina de espermatozoides equinos
650 ## - ASSUNTO--TERMO TÓPICO
Cabeçalho tópico ou nome geográfico Equino
650 ## - ASSUNTO--TERMO TÓPICO
Cabeçalho tópico ou nome geográfico Espermatozoide
650 ## - ASSUNTO--TERMO TÓPICO
Cabeçalho tópico ou nome geográfico Morfologia Animal
773 0# - ENTRADA ANALÍTICA
Título Revista Brasileira de Reproducao Animal (Brazil)
ISSN - International Standard Serial Number ISSN 0102-0803
Partes relacionadas (Jul-Sep 1999), v. 23(3) p. 297-298
Número de controle do registro BR0000834
909 ## -
-- 202311
-- Lúcia
-- 55
-- Lúcia Elande
942 ## - ELEMENTOS DE ENTRADA ADICIONADOS (KOHA)
Fonte da classificação ou esquema de arquivamento na estante Classificação AGRIS
Ocultar no OPAC Não
Tipo de material Koha Analítica
Exemplares
Situação do descarte Fonte da classificação ou esquema de arquivamento na estante Situação física Não pode ser emprestado Biblioteca de origem Biblioteca atual Localização na estante Enumeração do periódico / cronologia Total de empréstimos Data de último acesso Número do exemplar Tipo de material Koha Fonte de aquisição
  Classificação AGRIS   Consulta local Biblioteca Nacional de Agricultura - Binagri Biblioteca Nacional de Agricultura - Binagri   (Jul-Sep 1999), v. 23(3) p. 297-298   29/11/2023 01 Periódicos Portaria Interministerial nº 164/94

BINAGRI

Telefone: (61)3218-2567/2388/3357/2097 - binagri@agro.gov.br

Ministério da Agricultura e Pecuária , Esplanada dos Ministérios, Bloco D, Anexo B, Brasília/DF, CEP: 70.043-900